[Event "94th Paris-ch  2019"]
[Site "Paris"]
[Date "2019.07.08"]
[Round "3.9"]
[White "Le Quang, Kim"]
[Black "Bonte, Andrei-Mihai"]
[Result "0-1"]
[WhiteElo "2243"]
[BlackElo "2337"]
[Annotator "NA"]
[PlyCount "62"]
[EventDate "2019.07.07"]
[EventType "swiss"]
[EventCountry "FRA"]
[SourceTitle "playchess.com"]
[Source "ChessBase"]
[SourceQuality "1"]
[TimeControl "5400+30"]

1. c4 {[%emt 0:05:07]} Nf6 {[%emt 0:00:16]} 2. Nc3 {[%emt 0:02:02]} e5 {[%emt 0:02:03]} 3. g3 {[%emt 0:00:17]} d5 {[%emt 0:00:27]} 4. cxd5 {[%emt 0:00:14]} Nxd5 {[%emt 0:00:06]} 5. Bg2 {[%emt 0:00:39]} Nb6 {[%emt 0:00:05]} 6. Nf3 {[%emt 0:00:08]} Nc6 {[%emt 0:00:05]} 7. O-O {[%emt 0:00:09]} Be7 {[%emt 0:00:40]} 8. a3 {[%emt 0:01:22]} Be6 {[%emt 0:13:50]} 9. d3 {[%emt 0:01:31]} g5 {[%emt 0:05:00]} 10. b4 {[%emt 0:01:50]} g4 {[%emt 0:03:05]} 11. Nd2 {[%emt 0:00:54]} h5 {[%emt 0:00:30]} 12. Bb2 {[%emt 0:01:46]} h4 {[%emt 0:05:49]} 13. Rc1 {[%emt 0:02:29]} hxg3 {[%emt 0:01:44]} 14. hxg3 {[%emt 0:00:28]} a6 {[%emt 0:01:59]} 15. Na4 {[%emt 0:16:00]} Bd5 {[%emt 0:23:09]} 16. e4 {[%emt 0:01:22]} Nxa4 {[%emt 0:02:16]} 17. Qxa4 {[%emt 0:00:33]} Be6 {[%emt 0:00:48]} 18. Qc2 {[%emt 0:10:52]} Bg5 {[%emt 0:11:25]} 19. Rb1 {[%emt 0:01:14]} Nd4 {[%emt 0:08:48]} 20. Bxd4 {[%emt 0:01:00]} Qxd4 {[%emt 0:00:13]} 21. Nb3 {[%emt 0:01:25]} Bxb3 {[%emt 0:03:42]} 22. Rxb3 {[%emt 0:00:30]} c6 {[%emt 0:00:42]} 23. Rd1 {[%emt 0:04:25]} Bd8 {[%emt 0:00:44]} 24. b5 {[%emt 0:20:11]} axb5 {[%emt 0:01:59]} 25. Rb4 {[%emt 0:00:05]} Qd6 {[%emt 0:00:23]} 26. d4 {[%emt 0:00:28]} Rxa3 {[%emt 0:00:41]} 27. Rbb1 {[%emt 0:07:17]} Bb6 {[%emt 0:01:31]} 28. d5 {[%emt 0:02:33]} Rxg3 {[%emt 0:01:58]} 29. Kf1 {[%emt 0:03:40]} Qf6 {[%emt 0:01:09]} 30. Ra1 {[%emt 0:03:49]} Rxg2 {[%emt 0:01:09]} 31. Ra8+ {[%emt 0:00:07]} Ke7 {[%emt 0:00:40]} 0-1

[Event "94th Paris-ch  2019"]
[Site "Paris"]
[Date "2019.07.08"]
[Round "3.10"]
[White "Sanchez, Louis"]
[Black "Hingouet, Matthieu"]
[Result "1-0"]
[WhiteElo "2316"]
[BlackElo "2245"]
[Annotator "NA"]
[PlyCount "79"]
[EventDate "2019.07.07"]
[EventType "swiss"]
[EventCountry "FRA"]
[SourceTitle "playchess.com"]
[Source "ChessBase"]
[SourceQuality "1"]
[TimeControl "5400+30"]

1. Nf3 {[%emt 0:00:00]} Nf6 {[%emt 0:00:00]} 2. g3 {[%emt 0:00:00]} e6 {[%emt 0:00:06]} 3. Bg2 {[%emt 0:00:01]} d5 {[%emt 0:00:11]} 4. d4 {[%emt 0:00:20]} b5 {[%emt 0:00:49]} 5. O-O {[%emt 0:00:31]} Bb7 {[%emt 0:01:21]} 6. a4 {[%emt 0:00:54]} b4 {[%emt 0:01:35]} 7. c4 {[%emt 0:00:15]} dxc4 {[%emt 0:10:09]} 8. Nbd2 {[%emt 0:02:22]} c3 {[%emt 0:07:38]} 9. bxc3 {[%emt 0:00:30]} bxc3 {[%emt 0:00:25]} 10. Nc4 {[%emt 0:01:01]} Be7 {[%emt 0:10:24]} 11. Qb3 {[%emt 0:02:50]} Be4 {[%emt 0:02:27]} 12. Qxc3 {[%emt 0:01:34]} O-O {[%emt 0:01:25]} 13. Ba3 {[%emt 0:02:58]} Nbd7 {[%emt 0:06:33]} 14. Rfd1 {[%emt 0:07:53]} Nd5 {[%emt 0:03:57]} 15. Qc1 {[%emt 0:02:33]} Nb4 {[%emt 0:04:26]} 16. Ncd2 {[%emt 0:09:16]} Bd5 {[%emt 0:02:10]} 17. e4 {[%emt 0:01:45]} Bb7 {[%emt 0:01:08]} 18. a5 {[%emt 0:01:25]} Ba6 {[%emt 0:03:40]} 19. Qc3 {[%emt 0:01:46]} Rb8 {[%emt 0:04:04]} 20. Rdb1 {[%emt 0:03:13]} c5 {[%emt 0:02:50]} 21. dxc5 {[%emt 0:01:43]} Nd3 {[%emt 0:04:43]} 22. Rxb8 {[%emt 0:02:55]} Qxb8 {[%emt 0:01:48]} 23. Rb1 {[%emt 0:02:37]} Qc7 {[%emt 0:01:53]} 24. Bf1 {[%emt 0:04:49]} Bxc5 {[%emt 0:06:01]} 25. Bxc5 {[%emt 0:13:53]} Qxc5 {[%emt 0:02:06]} 26. Qd4 {[%emt 0:01:25]} N7e5 {[%emt 0:02:51]} 27. Qxc5 {[%emt 0:03:59]} Nxf3+ {[%emt 0:00:05]} 28. Nxf3 {[%emt 0:00:20]} Nxc5 {[%emt 0:00:03]} 29. Bxa6 {[%emt 0:00:32]} Nxa6 {[%emt 0:00:03]} 30. Rb7 {[%emt 0:00:20]} Ra8 {[%emt 0:04:11]} 31. Ng5 {[%emt 0:03:03]} Nc5 {[%emt 0:01:18]} 32. Rc7 {[%emt 0:00:06]} Na6 {[%emt 0:00:38]} 33. Re7 {[%emt 0:03:54]} h6 {[%emt 0:02:53]} 34. Nxf7 {[%emt 0:01:30]} Kf8 {[%emt 0:01:14]} 35. Rxe6 {[%emt 0:01:20]} Nc5 {[%emt 0:00:39]} 36. Re5 {[%emt 0:01:27]} Nxe4 {[%emt 0:02:04]} 37. Nxh6 {[%emt 0:01:07]} Nxf2 {[%emt 0:01:44]} 38. Rf5+ {[%emt 0:04:15]} Ke8 {[%emt 0:00:20]} 39. Rxf2 {[%emt 0:00:48]} gxh6 {[%emt 0:00:07]} 40. Rf6 {[%emt 0:00:08]} 1-0

[Event "94th Paris-ch  2019"]
[Site "Paris"]
[Date "2019.07.08"]
[Round "3.11"]
[White "French, Max"]
[Black "Bergez, Luc"]
[Result "0-1"]
[WhiteElo "2232"]
[BlackElo "2308"]
[Annotator "NA"]
[PlyCount "64"]
[EventDate "2019.07.07"]
[EventType "swiss"]
[EventCountry "FRA"]
[SourceTitle "playchess.com"]
[Source "ChessBase"]
[SourceQuality "1"]
[TimeControl "5400+30"]

1. d4 {[%emt 0:00:00]} Nf6 {[%emt 0:06:07]} 2. c4 {[%emt 0:00:39]} g6 {[%emt 0:00:19]} 3. Nc3 {[%emt 0:00:13]} Bg7 {[%emt 0:00:25]} 4. e4 {[%emt 0:00:11]} O-O {[%emt 0:00:13]} 5. Be2 {[%emt 0:00:08]} d6 {[%emt 0:00:24]} 6. Be3 {[%emt 0:00:08]} e5 {[%emt 0:00:42]} 7. d5 {[%emt 0:00:08]} Na6 {[%emt 0:03:07]} 8. g4 {[%emt 0:00:08]} Nc5 {[%emt 0:01:02]} 9. f3 {[%emt 0:00:08]} a5 {[%emt 0:00:55]} 10. h4 {[%emt 0:00:08]} h5 {[%emt 0:02:00]} 11. g5 {[%emt 0:00:06]} Ne8 {[%emt 0:00:49]} 12. Qd2 {[%emt 0:01:31]} Bd7 {[%emt 0:05:12]} 13. O-O-O {[%emt 0:05:44]} Qc8 {[%emt 0:00:52]} 14. Bf1 {[%emt 0:05:53]} Na4 {[%emt 0:16:10]} 15. Nxa4 {[%emt 0:08:25]} Bxa4 {[%emt 0:00:05]} 16. Bh3 {[%emt 0:00:14]} Qd8 {[%emt 0:00:55]} 17. b3 {[%emt 0:03:51]} Bd7 {[%emt 0:00:12]} 18. c5 {[%emt 0:01:18]} dxc5 {[%emt 0:03:28]} 19. Bxc5 {[%emt 0:00:28]} Nd6 {[%emt 0:00:19]} 20. Kb2 {[%emt 0:05:32]} a4 {[%emt 0:01:02]} 21. Qb4 {[%emt 0:11:33]} Nb5 {[%emt 0:08:06]} 22. Bf1 {[%emt 0:02:37]} Nd4 {[%emt 0:00:58]} 23. f4 {[%emt 0:15:59]} axb3 {[%emt 0:05:15]} 24. axb3 {[%emt 0:00:14]} Bg4 {[%emt 0:00:14]} 25. Rd3 {[%emt 0:07:41]} b6 {[%emt 0:03:37]} 26. Bxd4 {[%emt 0:01:25]} exd4 {[%emt 0:00:08]} 27. e5 {[%emt 0:04:44]} Qxd5 {[%emt 0:01:17]} 28. Rh2 {[%emt 0:01:38]} c5 {[%emt 0:02:11]} 29. Qe1 {[%emt 0:05:52]} c4 {[%emt 0:02:25]} 30. bxc4 {[%emt 0:01:44]} Qxc4 {[%emt 0:00:14]} 31. Ra3 {[%emt 0:00:37]} d3 {[%emt 0:02:38]} 32. Bxd3 {[%emt 0:03:21]} Qxf4 {[%emt 0:02:42]} 0-1

[Event "94th Paris-ch  2019"]
[Site "Paris"]
[Date "2019.07.08"]
[Round "3.12"]
[White "Dutreuil, Raphael"]
[Black "Lux, Hugo de Melo"]
[Result "1-0"]
[WhiteElo "2302"]
[BlackElo "2231"]
[Annotator "NA"]
[PlyCount "79"]
[EventDate "2019.07.07"]
[EventType "swiss"]
[EventCountry "FRA"]
[SourceTitle "playchess.com"]
[Source "ChessBase"]
[SourceQuality "1"]
[TimeControl "5400+30"]

1. b3 {[%emt 0:06:23]} Nf6 {[%emt 0:02:27]} 2. Bb2 {[%emt 0:01:10]} g6 {[%emt 0:00:02]} 3. Nf3 {[%emt 0:04:41]} Bg7 {[%emt 0:00:18]} 4. e3 {[%emt 0:00:16]} O-O {[%emt 0:02:16]} 5. d4 {[%emt 0:00:43]} d6 {[%emt 0:01:13]} 6. Be2 {[%emt 0:01:03]} Nbd7 {[%emt 0:02:50]} 7. O-O {[%emt 0:01:38]} e5 {[%emt 0:06:37]} 8. dxe5 {[%emt 0:05:47]} Ng4 {[%emt 0:00:27]} 9. Qd2 {[%emt 0:08:05]} Ndxe5 {[%emt 0:07:18]} 10. Nxe5 {[%emt 0:05:21]} Nxe5 {[%emt 0:30:06]} 11. c4 {[%emt 0:03:13]} Qh4 {[%emt 0:02:32]} 12. Nc3 {[%emt 0:10:05]} Bg4 {[%emt 0:15:35]} 13. f3 {[%emt 0:10:10]} Bd7 {[%emt 0:01:03]} 14. Rae1 {[%emt 0:01:54]} Rae8 {[%emt 0:02:14]} 15. Nd5 {[%emt 0:07:05]} c6 {[%emt 0:05:26]} 16. Nc3 {[%emt 0:00:55]} g5 {[%emt 0:05:28]} 17. Ne4 {[%emt 0:07:39]} Re6 {[%emt 0:02:16]} 18. g3 {[%emt 0:00:15]} Qh6 {[%emt 0:00:04]} 19. Nf2 {[%emt 0:03:01]} f5 {[%emt 0:00:55]} 20. f4 {[%emt 0:03:15]} Nf7 {[%emt 0:00:08]} 21. Bxg7 {[%emt 0:01:09]} Qxg7 {[%emt 0:00:06]} 22. Bd3 {[%emt 0:00:29]} Re7 {[%emt 0:00:38]} 23. Re2 {[%emt 0:07:57]} Rfe8 {[%emt 0:00:21]} 24. Rfe1 {[%emt 0:00:27]} c5 {[%emt 0:02:38]} 25. Bb1 {[%emt 0:03:04]} h5 {[%emt 0:03:26]} 26. e4 {[%emt 0:01:10]} gxf4 {[%emt 0:00:04]} 27. Qxf4 {[%emt 0:00:11]} Ng5 {[%emt 0:00:39]} 28. Re3 {[%emt 0:04:44]} Bc6 {[%emt 0:01:24]} 29. h4 {[%emt 0:01:12]} Nxe4 {[%emt 0:00:40]} 30. Bxe4 {[%emt 0:00:22]} Bxe4 {[%emt 0:00:22]} 31. Qxd6 {[%emt 0:01:30]} Re6 {[%emt 0:03:31]} 32. Qf4 {[%emt 0:00:24]} Qg6 {[%emt 0:01:44]} 33. Nh3 {[%emt 0:00:28]} Bc6 {[%emt 0:00:48]} 34. Ng5 {[%emt 0:00:24]} Rxe3 {[%emt 0:00:25]} 35. Rxe3 {[%emt 0:00:01]} Rd8 {[%emt 0:01:26]} 36. Ne6 {[%emt 0:06:47]} Rd1+ {[%emt 0:00:07]} 37. Kf2 {[%emt 0:00:03]} Be4 {[%emt 0:00:58]} 38. Rxe4 {[%emt 0:00:27]} fxe4 {[%emt 0:00:32]} 39. Qf8+ {[%emt 0:00:05]} Kh7 {[%emt 0:00:01]} 40. Ng5+ {[%emt 0:00:06]} 1-0

[Event "94th Paris-ch  2019"]
[Site "Paris"]
[Date "2019.07.08"]
[Round "3.13"]
[White "Albaric, Etienne"]
[Black "Le Goff, Ronan"]
[Result "1/2-1/2"]
[WhiteElo "2225"]
[BlackElo "2281"]
[Annotator "NA"]
[PlyCount "107"]
[EventDate "2019.07.07"]
[EventType "swiss"]
[EventCountry "FRA"]
[SourceTitle "playchess.com"]
[Source "ChessBase"]
[SourceQuality "1"]
[TimeControl "5400+30"]

1. e4 {[%emt 0:00:00]} e5 {[%emt 0:00:00]} 2. Nf3 {[%emt 0:00:33]} Nc6 {[%emt 0:00:00]} 3. Bc4 {[%emt 0:00:18]} Nf6 {[%emt 0:00:00]} 4. d4 {[%emt 0:00:41]} exd4 {[%emt 0:00:09]} 5. e5 {[%emt 0:00:19]} d5 {[%emt 0:00:10]} 6. Bb5 {[%emt 0:00:06]} Ne4 {[%emt 0:00:07]} 7. Nxd4 {[%emt 0:00:09]} Bc5 {[%emt 0:01:09]} 8. Be3 {[%emt 0:04:07]} O-O {[%emt 0:04:00]} 9. Nxc6 {[%emt 0:04:03]} bxc6 {[%emt 0:00:22]} 10. Bxc5 {[%emt 0:00:04]} Nxc5 {[%emt 0:00:23]} 11. Bxc6 {[%emt 0:00:17]} Rb8 {[%emt 0:00:19]} 12. Qxd5 {[%emt 0:02:58]} Qe7 {[%emt 0:00:09]} 13. O-O {[%emt 0:01:09]} Rxb2 {[%emt 0:05:54]} 14. Na3 {[%emt 0:05:29]} Ne6 {[%emt 0:21:06]} 15. Nc4 {[%emt 0:07:08]} Rb8 {[%emt 0:02:16]} 16. Rfb1 {[%emt 0:20:57]} Rxb1+ {[%emt 0:01:34]} 17. Rxb1 {[%emt 0:00:19]} Rd8 {[%emt 0:00:17]} 18. Qa5 {[%emt 0:05:27]} Nd4 {[%emt 0:11:32]} 19. Be4 {[%emt 0:01:34]} Be6 {[%emt 0:08:18]} 20. Ne3 {[%emt 0:03:07]} h5 {[%emt 0:07:56]} 21. Rb7 {[%emt 0:13:13]} Bf5 {[%emt 0:05:19]} 22. Rxc7 {[%emt 0:18:29]} Qg5 {[%emt 0:04:32]} 23. Bd5 {[%emt 0:00:08]} Be6 {[%emt 0:03:18]} 24. Bxe6 {[%emt 0:05:41]} fxe6 {[%emt 0:00:08]} 25. Qa6 {[%emt 0:03:04]} Nf3+ {[%emt 0:01:33]} 26. Kf1 {[%emt 0:00:33]} Nxh2+ {[%emt 0:00:35]} 27. Ke2 {[%emt 0:00:44]} Qxe5 {[%emt 0:01:10]} 28. Rc8 {[%emt 0:00:42]} Rxc8 {[%emt 0:00:39]} 29. Qxc8+ {[%emt 0:00:01]} Kh7 {[%emt 0:00:18]} 30. Qd7 {[%emt 0:01:56]} Ng4 {[%emt 0:02:15]} 31. Qd3+ {[%emt 0:00:02]} Kh8 {[%emt 0:01:02]} 32. Qd8+ {[%emt 0:00:17]} Kh7 {[%emt 0:00:06]} 33. Qd3+ {[%emt 0:00:01]} Kh8 {[%emt 0:00:13]} 34. c3 {[%emt 0:00:03]} Qf4 {[%emt 0:01:26]} 35. Nxg4 {[%emt 0:01:14]} Qxg4+ {[%emt 0:00:06]} 36. Kf1 {[%emt 0:00:06]} e5 {[%emt 0:03:08]} 37. c4 {[%emt 0:00:37]} Qf4 {[%emt 0:00:50]} 38. g3 {[%emt 0:01:02]} Qg5 {[%emt 0:02:47]} 39. Qd5 {[%emt 0:00:10]} h4 {[%emt 0:00:25]} 40. Qa8+ {[%emt 0:01:32]} Kh7 {[%emt 0:00:06]} 41. Qe4+ {[%emt 0:00:05]} Kg8 {[%emt 0:00:26]} 42. Qxh4 {[%emt 0:00:24]} Qd2 {[%emt 0:00:34]} 43. Qe4 {[%emt 0:01:10]} Qxa2 {[%emt 0:00:35]} 44. c5 {[%emt 0:00:23]} Qe6 {[%emt 0:04:09]} 45. Qa8+ {[%emt 0:00:27]} Kh7 {[%emt 0:00:13]} 46. Qxa7 {[%emt 0:00:44]} Qd5 {[%emt 0:01:01]} 47. Kg1 {[%emt 0:00:22]} Qd1+ {[%emt 0:00:09]} 48. Kh2 {[%emt 0:01:18]} Qc2 {[%emt 0:01:08]} 49. Kg1 {[%emt 0:00:29]} Qd1+ {[%emt 0:00:06]} 50. Kg2 {[%emt 0:00:20]} Qd5+ {[%emt 0:00:10]} 51. Kh2 {[%emt 0:00:05]} Qd4 {[%emt 0:00:37]} 52. Kg2 {[%emt 0:00:52]} Qd5+ {[%emt 0:00:09]} 53. Kf1 {[%emt 0:00:41]} Qd1+ {[%emt 0:00:19]} 54. Kg2 {[%emt 0:00:01]} 1/2-1/2

[Event "94th Paris-ch  2019"]
[Site "Paris"]
[Date "2019.07.08"]
[Round "3.14"]
[White "Akshat, Khamparia"]
[Black "Gervasio, Ricardo"]
[Result "1-0"]
[WhiteElo "2398"]
[BlackElo "2223"]
[Annotator "NA"]
[PlyCount "61"]
[EventDate "2019.07.07"]
[EventType "swiss"]
[EventCountry "FRA"]
[SourceTitle "playchess.com"]
[Source "ChessBase"]
[SourceQuality "1"]
[TimeControl "5400+30"]

1. d4 {[%emt 0:01:20]} d5 {[%emt 0:01:31]} 2. Nf3 {[%emt 0:00:00]} Nf6 {[%emt 0:00:33]} 3. c4 {[%emt 0:00:00]} e6 {[%emt 0:00:12]} 4. Nc3 {[%emt 0:00:00]} Be7 {[%emt 0:00:20]} 5. Bf4 {[%emt 0:00:49]} Nh5 {[%emt 0:04:56]} 6. Be5 {[%emt 0:03:46]} f6 {[%emt 0:00:27]} 7. Bg3 {[%emt 0:00:17]} f5 {[%emt 0:00:07]} 8. Be5 {[%emt 0:04:40]} c6 {[%emt 0:03:19]} 9. e3 {[%emt 0:01:00]} O-O {[%emt 0:01:11]} 10. Bd3 {[%emt 0:04:34]} Nd7 {[%emt 0:02:43]} 11. Qc2 {[%emt 0:03:37]} Nhf6 {[%emt 0:11:53]} 12. cxd5 {[%emt 0:05:24]} Nxd5 {[%emt 0:00:43]} 13. Nxd5 {[%emt 0:03:29]} cxd5 {[%emt 0:00:26]} 14. Bc7 {[%emt 0:02:16]} Qe8 {[%emt 0:04:29]} 15. O-O {[%emt 0:01:14]} Qh5 {[%emt 0:05:20]} 16. Rac1 {[%emt 0:03:38]} g5 {[%emt 0:11:08]} 17. Ne5 {[%emt 0:03:32]} Nf6 {[%emt 0:01:33]} 18. Qb3 {[%emt 0:06:06]} Ne8 {[%emt 0:04:29]} 19. Ba5 {[%emt 0:07:57]} Rf6 {[%emt 0:01:20]} 20. Rxc8 {[%emt 0:06:28]} Rxc8 {[%emt 0:00:29]} 21. Qxb7 {[%emt 0:00:04]} Rh6 {[%emt 0:01:05]} 22. h3 {[%emt 0:00:53]} Rc7 {[%emt 0:18:31]} 23. Bxc7 {[%emt 0:01:26]} g4 {[%emt 0:00:11]} 24. Be2 {[%emt 0:02:16]} Bf8 {[%emt 0:08:47]} 25. Bb8 {[%emt 0:03:45]} Nf6 {[%emt 0:02:33]} 26. Rc1 {[%emt 0:03:26]} Ne4 {[%emt 0:04:08]} 27. Rc8 {[%emt 0:01:00]} Rf6 {[%emt 0:06:02]} 28. Nd7 {[%emt 0:01:18]} Qg6 {[%emt 0:03:19]} 29. Nxf6+ {[%emt 0:00:51]} Qxf6 {[%emt 0:00:01]} 30. Be5 {[%emt 0:01:46]} Qh6 {[%emt 0:00:23]} 31. hxg4 {[%emt 0:01:25]} 1-0

[Event "94th Paris-ch  2019"]
[Site "Paris"]
[Date "2019.07.08"]
[Round "3.15"]
[White "O'Sullivan, Thomas"]
[Black "Anand Nadar"]
[Result "1/2-1/2"]
[WhiteElo "2291"]
[BlackElo "2358"]
[Annotator "NA"]
[PlyCount "73"]
[EventDate "2019.07.07"]
[EventType "swiss"]
[EventCountry "FRA"]
[SourceTitle "playchess.com"]
[Source "ChessBase"]
[SourceQuality "1"]
[TimeControl "5400+30"]

1. d4 {[%emt 0:19:13]} Nf6 {[%emt 0:00:14]} 2. c4 {[%emt 0:00:43]} e6 {[%emt 0:00:11]} 3. Nc3 {[%emt 0:00:12]} Bb4 {[%emt 0:00:11]} 4. Qc2 {[%emt 0:00:18]} d5 {[%emt 0:00:57]} 5. cxd5 {[%emt 0:00:09]} exd5 {[%emt 0:00:13]} 6. Bg5 {[%emt 0:00:09]} h6 {[%emt 0:04:48]} 7. Bh4 {[%emt 0:00:10]} Nbd7 {[%emt 0:01:10]} 8. e3 {[%emt 0:01:03]} c5 {[%emt 0:01:48]} 9. dxc5 {[%emt 0:04:12]} Qa5 {[%emt 0:01:52]} 10. Nge2 {[%emt 0:13:51]} g5 {[%emt 0:14:52]} 11. Bg3 {[%emt 0:00:16]} Ne4 {[%emt 0:00:25]} 12. a3 {[%emt 0:08:16]} Ndxc5 {[%emt 0:07:37]} 13. Rc1 {[%emt 0:05:08]} Bxc3+ {[%emt 0:03:45]} 14. Nxc3 {[%emt 0:00:06]} Bf5 {[%emt 0:09:14]} 15. Be5 {[%emt 0:08:27]} f6 {[%emt 0:19:19]} 16. Bd4 {[%emt 0:18:05]} Ng3 {[%emt 0:14:20]} 17. Qd1 {[%emt 0:00:24]} Nxh1 {[%emt 0:00:05]} 18. b4 {[%emt 0:01:23]} Qxa3 {[%emt 0:00:19]} 19. Bxc5 {[%emt 0:00:42]} Kf7 {[%emt 0:02:55]} 20. Nb5 {[%emt 0:07:32]} Qb2 {[%emt 0:01:58]} 21. Nd6+ {[%emt 0:00:46]} Kg6 {[%emt 0:01:34]} 22. Be2 {[%emt 0:00:36]} b6 {[%emt 0:02:46]} 23. Nxf5 {[%emt 0:04:42]} bxc5 {[%emt 0:00:01]} 24. bxc5 {[%emt 0:02:15]} Nxf2 {[%emt 0:06:30]} 25. Kxf2 {[%emt 0:02:07]} Kxf5 {[%emt 0:00:01]} 26. Qxd5+ {[%emt 0:00:07]} Kg6 {[%emt 0:00:07]} 27. Rb1 {[%emt 0:00:39]} Qxb1 {[%emt 0:01:38]} 28. Bd3+ {[%emt 0:00:00]} Qxd3 {[%emt 0:00:06]} 29. Qxd3+ {[%emt 0:00:01]} Kg7 {[%emt 0:00:07]} 30. Qd7+ {[%emt 0:00:01]} Kg6 {[%emt 0:00:12]} 31. Qd3+ {[%emt 0:00:00]} Kg7 {[%emt 0:00:04]} 32. Qd7+ {[%emt 0:01:07]} Kg6 {[%emt 0:00:01]} 33. h4 {[%emt 0:00:46]} gxh4 {[%emt 0:00:16]} 34. Qg4+ {[%emt 0:00:32]} Kf7 {[%emt 0:00:01]} 35. Qd7+ {[%emt 0:00:16]} Kg6 {[%emt 0:00:04]} 36. Qg4+ {[%emt 0:00:07]} Kf7 {[%emt 0:00:02]} 37. Qd7+ {[%emt 0:01:31]} 1/2-1/2

[Event "94th Paris-ch  2019"]
[Site "Paris"]
[Date "2019.07.08"]
[Round "3.16"]
[White "Stephan, Victor"]
[Black "Eden, James"]
[Result "1-0"]
[WhiteElo "2358"]
[BlackElo "2343"]
[Annotator "NA"]
[PlyCount "79"]
[EventDate "2019.07.07"]
[EventType "swiss"]
[EventCountry "FRA"]
[SourceTitle "playchess.com"]
[Source "ChessBase"]
[SourceQuality "1"]
[TimeControl "5400+30"]

1. Nf3 {[%emt 0:03:07]} d5 {[%emt 0:00:00]} 2. c4 {[%emt 0:00:22]} c6 {[%emt 0:00:43]} 3. g3 {[%emt 0:00:44]} Nf6 {[%emt 0:01:07]} 4. Bg2 {[%emt 0:00:28]} dxc4 {[%emt 0:02:33]} 5. Na3 {[%emt 0:03:41]} e5 {[%emt 0:01:03]} 6. Qc2 {[%emt 0:02:56]} Bxa3 {[%emt 0:20:48]} 7. bxa3 {[%emt 0:00:11]} Qd5 {[%emt 0:00:36]} 8. Bb2 {[%emt 0:03:11]} Nbd7 {[%emt 0:01:50]} 9. O-O {[%emt 0:01:11]} e4 {[%emt 0:02:49]} 10. Nd4 {[%emt 0:02:17]} O-O {[%emt 0:07:36]} 11. f3 {[%emt 0:02:12]} Qh5 {[%emt 0:10:08]} 12. fxe4 {[%emt 0:02:59]} Re8 {[%emt 0:01:30]} 13. Rf5 {[%emt 0:07:31]} Qg6 {[%emt 0:05:18]} 14. Raf1 {[%emt 0:01:07]} Ne5 {[%emt 0:01:36]} 15. R5f4 {[%emt 0:04:40]} Bg4 {[%emt 0:06:11]} 16. Nf3 {[%emt 0:17:05]} Bxf3 {[%emt 0:08:37]} 17. Bxf3 {[%emt 0:00:18]} Nfd7 {[%emt 0:04:49]} 18. Bg2 {[%emt 0:01:53]} Qe6 {[%emt 0:01:43]} 19. Qc3 {[%emt 0:02:22]} f6 {[%emt 0:00:45]} 20. Rh4 {[%emt 0:06:53]} Nf8 {[%emt 0:02:32]} 21. Bh3 {[%emt 0:03:16]} Qd6 {[%emt 0:00:19]} 22. Bf5 {[%emt 0:02:36]} Rad8 {[%emt 0:01:04]} 23. Rd1 {[%emt 0:02:07]} b5 {[%emt 0:02:13]} 24. Qe3 {[%emt 0:01:49]} Re7 {[%emt 0:03:44]} 25. Kg2 {[%emt 0:02:58]} Neg6 {[%emt 0:03:15]} 26. Rg4 {[%emt 0:01:36]} Kf7 {[%emt 0:01:56]} 27. d4 {[%emt 0:05:00]} h5 {[%emt 0:01:24]} 28. Rxg6 {[%emt 0:01:47]} Nxg6 {[%emt 0:00:06]} 29. Qf3 {[%emt 0:00:24]} Rh8 {[%emt 0:00:51]} 30. Rf1 {[%emt 0:00:19]} c3 {[%emt 0:04:15]} 31. Bxc3 {[%emt 0:02:42]} Qxa3 {[%emt 0:00:51]} 32. e5 {[%emt 0:00:08]} Qxa2 {[%emt 0:03:08]} 33. Bb4 {[%emt 0:03:08]} Qd5 {[%emt 0:00:34]} 34. Bxg6+ {[%emt 0:02:29]} Kxg6 {[%emt 0:00:11]} 35. Qxd5 {[%emt 0:00:53]} cxd5 {[%emt 0:00:07]} 36. Bxe7 {[%emt 0:00:04]} fxe5 {[%emt 0:00:50]} 37. dxe5 {[%emt 0:00:06]} a5 {[%emt 0:00:10]} 38. Bd6 {[%emt 0:00:53]} Re8 {[%emt 0:01:15]} 39. Rb1 {[%emt 0:00:32]} b4 {[%emt 0:00:18]} 40. Ra1 {[%emt 0:00:10]} 1-0

[Event "94th Paris-ch  2019"]
[Site "Paris"]
[Date "2019.07.08"]
[Round "3.18"]
[White "Tomasi, Albert"]
[Black "Jeet, Jain"]
[Result "1-0"]
[WhiteElo "2300"]
[BlackElo "2258"]
[Annotator "NA"]
[PlyCount "77"]
[EventDate "2019.07.07"]
[EventType "swiss"]
[EventCountry "FRA"]
[SourceTitle "playchess.com"]
[Source "ChessBase"]
[SourceQuality "1"]
[TimeControl "5400+30"]

1. e4 {[%emt 0:00:24]} e5 {[%emt 0:00:00]} 2. Nf3 {[%emt 0:00:20]} Nc6 {[%emt 0:00:17]} 3. Bb5 {[%emt 0:00:46]} a6 {[%emt 0:00:20]} 4. Ba4 {[%emt 0:00:06]} Nf6 {[%emt 0:00:21]} 5. O-O {[%emt 0:00:50]} b5 {[%emt 0:00:52]} 6. Bb3 {[%emt 0:00:08]} Bc5 {[%emt 0:00:12]} 7. c3 {[%emt 0:00:41]} d6 {[%emt 0:00:09]} 8. a4 {[%emt 0:04:08]} Rb8 {[%emt 0:01:11]} 9. d4 {[%emt 0:02:23]} Bb6 {[%emt 0:00:07]} 10. Qd3 {[%emt 0:03:09]} Bd7 {[%emt 0:02:18]} 11. Bg5 {[%emt 0:05:14]} h6 {[%emt 0:08:46]} 12. Bh4 {[%emt 0:00:18]} O-O {[%emt 0:06:38]} 13. axb5 {[%emt 0:20:19]} axb5 {[%emt 0:00:20]} 14. Na3 {[%emt 0:03:16]} Qe7 {[%emt 0:15:25]} 15. Rfe1 {[%emt 0:03:26]} Na5 {[%emt 0:07:26]} 16. Ba2 {[%emt 0:10:14]} c5 {[%emt 0:01:05]} 17. dxe5 {[%emt 0:02:03]} dxe5 {[%emt 0:00:03]} 18. Nxb5 {[%emt 0:00:51]} Bd8 {[%emt 0:10:07]} 19. c4 {[%emt 0:19:51]} g5 {[%emt 0:04:28]} 20. Bg3 {[%emt 0:00:25]} Nc6 {[%emt 0:04:15]} 21. Bb1 {[%emt 0:08:02]} Nh5 {[%emt 0:04:29]} 22. Nxe5 {[%emt 0:03:23]} Nxe5 {[%emt 0:06:55]} 23. Bxe5 {[%emt 0:00:15]} Qxe5 {[%emt 0:00:20]} 24. Qxd7 {[%emt 0:00:06]} Nf4 {[%emt 0:01:27]} 25. Qf5 {[%emt 0:02:42]} Qxb2 {[%emt 0:04:07]} 26. e5 {[%emt 0:00:17]} Ng6 {[%emt 0:00:06]} 27. Ra6 {[%emt 0:00:13]} Rb7 {[%emt 0:07:02]} 28. e6 {[%emt 0:00:53]} Kh8 {[%emt 0:01:05]} 29. Rf1 {[%emt 0:04:48]} Re7 {[%emt 0:05:20]} 30. Nd6 {[%emt 0:03:58]} fxe6 {[%emt 0:04:05]} 31. Qxg6 {[%emt 0:00:21]} Rf6 {[%emt 0:00:44]} 32. Qc2 {[%emt 0:01:07]} Qb8 {[%emt 0:00:09]} 33. Ne4 {[%emt 0:00:21]} Rf5 {[%emt 0:00:13]} 34. Qc3+ {[%emt 0:00:23]} e5 {[%emt 0:00:45]} 35. Rxh6+ {[%emt 0:00:19]} Kg7 {[%emt 0:00:29]} 36. Qh3 {[%emt 0:00:22]} Ref7 {[%emt 0:00:47]} 37. Nd6 {[%emt 0:00:20]} Rxf2 {[%emt 0:00:14]} 38. Rg6+ {[%emt 0:00:08]} Kf8 {[%emt 0:00:16]} 39. Qh8+ {[%emt 0:00:06]} 1-0